00821nam a2200253 i 4500001001000000003000900010005001700019007000300036008004100039040003000080041000800110082002400118100004600142245007600188250002200264264005000286300002800336336002700364337003300391338002800424500006400452650002400516650002700540000013138DO-SdBNP20250623103705.0ta091120s1988 dr a 000 f spa d aDO-SdBNPbspacBNPHUerda aspa 4aRD863.44bT266c222 aTejeda Read, Ramón,d1954-eautor4aut.10aCuando vuelvan las mariposas y otras obsesiones /cRamón Tejeda Read. aPrimera edición 1aSanto Domingo :bEditora Alfa y Omega,c1988. a106 páginas ;c17 cm. atextobtxt2rdacontent asin mediaciónbn2rdamedia avolumenbnc2rdacarrier aIncluye datos biográficos del autor en la contracubierta. 0aCuentos dominicanos 0aLiteratura dominicana.